00394nam a22001457a 450000500170000000800410001702000240005804000130008208200180009524500570011325000120017026000350018230000110021765000200022820260224095501.0260224b |||||||| |||| 00| 0 eng d a9781032610863 (hbk) cPK-LaUMT a610.153bPRO- aProton therapy physics /cedited by Harald Paganetti a3rd ed. aBoca Raton :bCRC Press,c2025 a677 p. aMedical physics